Plan de mercadotecnia (Registro nro. 1768)
[ vista simple ]
| 000 -Cabecera | |
|---|---|
| Campo de control de longitud fija | 00837aam a2200313 4500 |
| 005 - Fecha y hora de la última transacción | |
| Campo de control | 20260211154631.0 |
| 008 - Elementos de longitud fija--Información general | |
| Campo de control de longitud fija | 150715b2004 xxu||||| |||| 00| 0 spa d |
| 020 ## - International Standard Book Number | |
| Número Internacional Estándar del Libro (ISBN) | 9702405998 |
| 041 ## - Idioma | |
| Código de idioma | Español |
| 082 ## - Clasificación Decimal Dewey | |
| Número de clasificación | 658.8 C678p3 |
| 100 ## - Entrada principal--Autor personal | |
| Nombre personal | Cohen,Willian |
| 9 (RLIN) | 31346 |
| 245 ## - Título propiamente dicho | |
| Título | Plan de mercadotecnia |
| 250 ## - Edición | |
| Mención de edición | 3 edición |
| 260 ## - Pie de imprenta | |
| Lugar de publicación, distribución, etc. | México |
| 260 ## - Pie de imprenta | |
| Nombre del editor, distribuidor, etc. | Continental |
| 260 ## - Pie de imprenta | |
| Fecha de publicación, distribución, etc. | 2004 |
| 300 ## - Descripción física | |
| Extensión | 400 páginas |
| 490 ## - Serie | |
| Título de la Serie | Dirección y Administración de Empresas |
| 650 ## - Materia general | |
| Temática (materia general) | GERENCIA DE MERCADO |
| 650 ## - Materia general | |
| Temática (materia general) | MERCADOTECNIA |
| 650 ## - Materia general | |
| Temática (materia general) | PLAN DE MERCADOTECNIA |
| 650 ## - Materia general | |
| Temática (materia general) | EVALUACIÓN DEL AMBIENTE |
| 650 ## - Materia general | |
| Temática (materia general) | PLAN DE MERCADO |
| 650 ## - Materia general | |
| Temática (materia general) | ESTRATEGIA DE MERCADOTECNIA |
| 650 ## - Materia general | |
| Temática (materia general) | MERCADOTECNIA EN INTERNET |
| 650 ## - Materia general | |
| Temática (materia general) | INFORME FINANCIERO |
| 650 ## - Materia general | |
| Temática (materia general) | CINCO FUERZAS DE PORTER |
| 942 ## - Punto de acceso adicional KOHA | |
| Tipo de ítem KOHA | Libro |
| Fuente del sistema de clasificación o colocación | Dewey Decimal Classification |
| Signatura completa | Código de barras | Programa Académico | Tipo de ítem |
|---|---|---|---|
| 658.8 C678p3 | 11015 | Dirección y Administración de Empresas | Libro |